[Event "SVK-chT2C 2223"]
[Site "Slovakia"]
[Date "2022.10.09"]
[Round "2.5"]
[White "Zavarsky, Juraj"]
[Black "Turcel, Jozef"]
[Result "1/2-1/2"]
[WhiteElo "1949"]
[BlackElo "1992"]
[PlyCount "22"]
[EventDate "2022.10.08"]
[EventType "team-tourn"]
[EventRounds "11"]
[EventCountry "SVK"]
[SourceTitle "CBM 210 Extra"]
[Source "ChessBase"]
[SourceDate "2022.11.30"]
[SourceVersion "1"]
[SourceVersionDate "2022.11.30"]
[SourceQuality "1"]
[WhiteTeam "Martin Medea"]
[BlackTeam "Zilina Mladost IV"]
[WhiteTeamCountry "SVK"]
[BlackTeamCountry "SVK"]

1. e4 e5 2. Nf3 Nc6 3. Bb5 a6 4. Ba4 Bc5 5. Nxe5 Qe7 6. Nxc6 Qxe4+ 7. Qe2 Qxe2+ 8. Kxe2 dxc6 9. Re1 Be6 10. Bb3 Bxb3 11. axb3 0-0-0 1/2-1/2

[Event "IPCA Wch 20th"]
[Site "Torrevieja"]
[Date "2021.10.25"]
[Round "8"]
[White "Zavarsky, Juraj"]
[Black "Gedgafov, Chamal"]
[Result "0-1"]
[WhiteElo "1975"]
[BlackElo "2202"]
[PlyCount "90"]
[EventDate "2021.10.18"]
[EventType "swiss"]
[EventRounds "9"]
[EventCountry "ESP"]
[SourceTitle "EXT 2023"]
[Source "ChessBase"]
[SourceDate "2022.10.05"]
[SourceVersion "1"]
[SourceVersionDate "2022.10.05"]
[SourceQuality "1"]

1. e4 c5 2. Nf3 e6 3. d4 cxd4 4. Nxd4 a6 5. Bd3 Qc7 6. a4 b6 7. 0-0 Nf6 8. Nc3 Bb7 9. Qe2 d6 10. Be3 Nbd7 11. f3 h5 12. f4 Ng4 13. Kh1 Nxe3 14. Qxe3 h4 15. h3 Nf6 16. Nb3 g6 17. a5 b5 18. Qb6 Qxb6 19. axb6 Nh5 20. Ne2 f5 21. Na5 0-0-0 22. Nxb7 Kxb7 23. Ra2 Bg7 24. Rfa1 Ra8 25. c4 Kxb6 26. cxb5 a5 27. exf5 gxf5 28. Kg1 Rhc8 29. Kf2 d5 30. Kf3 Bf6 31. Ke3 Be7 32. Kf3 Bc5 33. Nc3 Bb4 34. Re1 Re8 35. Na4+ Kb7 36. Rf1 Ng3 37. Rc1 Rac8 38. Raa1 Ne4 39. Bxe4 fxe4+ 40. Ke3 Bd6 41. Rc3 Rg8 42. Rxc8 Rxc8 43. Rf1 Rg8 44. f5 Rg3+ 45. Kd4 Rd3# 0-1

[Event "IPCA Wch 19th"]
[Site "Ruzomberok"]
[Date "2019.07.03"]
[Round "6"]
[White "Nowak, Lukasz1111"]
[Black "Zavarsky, Juraj"]
[Result "1-0"]
[WhiteElo "2267"]
[BlackElo "2000"]
[PlyCount "71"]
[EventDate "2019.06.28"]
[EventType "swiss"]
[EventRounds "9"]
[EventCountry "SVK"]
[SourceTitle "CBM 191 Extra"]
[Source "ChessBase"]
[SourceDate "2019.09.30"]
[SourceVersion "1"]
[SourceVersionDate "2019.09.30"]
[SourceQuality "1"]

1. e4 c5 2. Nf3 Nc6 3. d4 cxd4 4. Nxd4 Qb6 5. Nb3 e6 6. Nc3 Bb4 7. Bd2 Nf6 8. Bd3 Ne5 9. 0-0 Nxd3 10. cxd3 d5 11. exd5 0-0 12. Be3 Qd8 13. dxe6 Bxe6 14. Bg5 h6 15. Bh4 g5 16. Bg3 Bf5 17. d4 Bg4 18. Qd3 Re8 19. Rfe1 Qd7 20. h4 b6 21. hxg5 hxg5 22. Re5 Rxe5 23. Bxe5 Nh7 24. Ne4 Bf5 25. Qf3 Bxe4 26. Qxe4 Rc8 27. Rc1 Rxc1+ 28. Nxc1 f5 29. Qc2 Be7 30. Ne2 Bf6 31. Ng3 Bxe5 32. dxe5 f4 33. Nh5 Kf8 34. Qg6 Qf7 35. Qh6+ Ke8 36. Qxh7 1-0

[Event "SVK-chT2C 1718"]
[Site "Slovakia"]
[Date "2017.10.29"]
[Round "2.4"]
[White "Magat, Jozef"]
[Black "Zavarsky, Juraj"]
[Result "1/2-1/2"]
[WhiteElo "2104"]
[BlackElo "2006"]
[PlyCount "21"]
[EventDate "2017.10.28"]
[EventType "team-tourn"]
[EventRounds "11"]
[EventCountry "SVK"]
[SourceTitle "CBM 181 Extra"]
[Source "ChessBase"]
[SourceDate "2017.12.12"]
[SourceVersion "1"]
[SourceVersionDate "2017.12.12"]
[SourceQuality "1"]
[WhiteTeam "Dunajov Inbest II"]
[BlackTeam "Liptovska Stiavnica"]
[WhiteTeamCountry "SVK"]
[BlackTeamCountry "SVK"]

1. e4 c6 2. Nf3 d5 3. Nc3 Bg4 4. h3 Bxf3 5. Qxf3 Nf6 6. e5 d4 7. exf6 dxc3 8. fxg7 cxd2+ 9. Bxd2 Bxg7 10. Bc4 e6 11. 0-0-0 1/2-1/2

[Event "IPCA Wch 17th"]
[Site "Ruzomberok"]
[Date "2017.05.29"]
[Round "2"]
[White "Palin, Denis"]
[Black "Zavarsky, Juraj"]
[Result "1/2-1/2"]
[WhiteElo "2150"]
[BlackElo "2012"]
[PlyCount "55"]
[EventDate "2017.05.28"]
[EventType "swiss"]
[EventRounds "9"]
[EventCountry "SVK"]
[SourceTitle "EXT 2018"]
[Source "ChessBase"]
[SourceDate "2017.10.13"]
[SourceVersion "1"]
[SourceVersionDate "2017.10.13"]
[SourceQuality "1"]

1. Nf3 Nf6 2. g3 g6 3. Bg2 Bg7 4. 0-0 0-0 5. d4 d6 6. a4 c6 7. a5 Qc7 8. Nc3 e5 9. dxe5 dxe5 10. e4 Nbd7 11. b3 Rd8 12. Qe2 Nf8 13. Rd1 Rxd1+ 14. Qxd1 Bg4 15. Be3 Ne6 16. h3 Rd8 17. Qf1 Bxf3 18. Bxf3 Nd4 19. Bd1 h6 20. Qc4 Qe7 21. Kg2 b5 22. axb6 axb6 23. f3 b5 24. Qf1 Nh7 25. Ne2 Ng5 26. Nxd4 exd4 27. Bxg5 hxg5 28. Ra6 1/2-1/2

[Event "SVK-chT1E 1617"]
[Site "Slovakia"]
[Date "2016.12.11"]
[Round "6.4"]
[White "Endresz, Pavol"]
[Black "Zavarsky, Juraj"]
[Result "1/2-1/2"]
[WhiteElo "2006"]
[BlackElo "2009"]
[PlyCount "113"]
[EventDate "2016.10.15"]
[EventType "team-tourn"]
[EventRounds "11"]
[EventCountry "SVK"]
[SourceTitle "EXT 2018"]
[Source "ChessBase"]
[SourceDate "2017.10.13"]
[SourceVersion "1"]
[SourceVersionDate "2017.10.13"]
[SourceQuality "1"]
[WhiteTeam "Kezmarok"]
[BlackTeam "Liptovska Stiavnica"]
[WhiteTeamCountry "SVK"]
[BlackTeamCountry "SVK"]

1. e4 c5 2. Nf3 Nc6 3. Bb5 g6 4. 0-0 Bg7 5. Bxc6 bxc6 6. Re1 e5 7. c3 d6 8. d4 cxd4 9. cxd4 Qc7 10. dxe5 dxe5 11. h3 Ne7 12. Nc3 Rb8 13. Qc2 0-0 14. b3 Bd7 15. Na4 Rbd8 16. Ba3 Rfe8 17. Nc5 Nc8 18. Rac1 Bf8 19. Nxd7 Rxd7 20. Bxf8 Kxf8 21. Qxc6 Qxc6 22. Rxc6 Nb6 23. Rec1 Ree7 24. g4 Kg7 25. g5 h6 26. h4 hxg5 27. hxg5 Rb7 28. Kf1 Na8 29. Nh2 Rbc7 30. Ng4 Rxc6 31. Rxc6 Nc7 32. Rc5 Ne6 33. Rxe5 Rc7 34. Kg2 Rc3 35. Ne3 Nc5 36. Nd5 Rc2 37. Re8 Ne6 38. Nb4 Rd2 39. Kg3 Nxg5 40. f4 a5 41. fxg5 axb4 42. Ra8 Rd1 43. Ra4 Rg1+ 44. Kf4 Rg2 45. Ra5 Kf8 46. Ke3 Ke7 47. Kd3 Ke6 48. Kc4 Rg4 49. Kd4 Rg2 50. Rb5 Rxa2 51. Rb6+ Ke7 52. Rxb4 Ra5 53. e5 Ra1 54. Rb7+ Ke6 55. Rb6+ Ke7 56. b4 Rd1+ 57. Kc4 1/2-1/2

[Event "SVK-chT2C 1516"]
[Site "Slovakia"]
[Date "2015.12.05"]
[Round "5.6"]
[White "Adamciak, Tomas"]
[Black "Zavarsky, Juraj"]
[Result "1/2-1/2"]
[WhiteElo "1982"]
[BlackElo "2036"]
[PlyCount "87"]
[EventDate "2015.10.17"]
[EventType "team-tourn"]
[EventRounds "11"]
[EventCountry "SVK"]
[SourceTitle "CBM 169 Extra"]
[Source "ChessBase"]
[SourceDate "2015.12.18"]
[SourceVersion "1"]
[SourceVersionDate "2015.12.18"]
[SourceQuality "1"]
[WhiteTeam "Liptov Chess School III"]
[BlackTeam "Liptovska Stiavnica"]
[WhiteTeamCountry "SVK"]
[BlackTeamCountry "SVK"]

1. e4 c5 2. Nc3 Nc6 3. Bb5 Nd4 4. Bc4 g6 5. Nge2 Nxe2 6. Qxe2 Bg7 7. 0-0 d6 8. f4 a6 9. f5 Nf6 10. a4 0-0 11. Qf3 e6 12. d3 Ne8 13. g4 Qh4 14. Bf4 Kh8 15. Bg3 Bd4+ 16. Kg2 Qf6 17. Rae1 gxf5 18. exf5 d5 19. Bb3 Bd7 20. Ne2 Bxb2 21. Nf4 Ng7 22. Re2 c4 23. Ba2 Bc6 24. Kg1 Bd4+ 25. Bf2 exf5 26. Nxd5 Bxf2+ 27. Rexf2 Bxd5 28. Qxd5 cxd3 29. cxd3 Rad8 30. Qc4 Rd4 31. Qb3 Rxg4+ 32. Kh1 Qc6+ 33. Qd5 Rxa4 34. Qxc6 bxc6 35. Rc1 Rd4 36. Rxc6 Rxd3 37. Rxa6 Rd7 38. Kg2 Kg8 39. Bb1 Rfd8 40. Bxf5 Nxf5 41. Rxf5 Rd2+ 42. Rf2 Rxf2+ 43. Kxf2 Rd2+ 44. Kg3 1/2-1/2

[Event "SVK-ch op"]
[Site "Banska Stiavnica"]
[Date "2015.07.09"]
[Round "6"]
[White "Bednar, Jan"]
[Black "Zavarsky, Juraj"]
[Result "0-1"]
[WhiteElo "2149"]
[BlackElo "1997"]
[PlyCount "88"]
[EventDate "2015.07.04"]
[EventType "swiss"]
[EventRounds "9"]
[EventCountry "SVK"]
[SourceTitle "CBM 167 Extra"]
[Source "ChessBase"]
[SourceDate "2015.09.14"]
[SourceVersion "1"]
[SourceVersionDate "2015.09.14"]
[SourceQuality "1"]

1. d4 g6 2. c4 Bg7 3. Nc3 c5 4. d5 Nf6 5. e4 d6 6. Nf3 0-0 7. Be2 e6 8. 0-0 exd5 9. cxd5 Re8 10. Nd2 a6 11. a4 Nbd7 12. Qc2 Nh5 13. Bxh5 gxh5 14. Qd1 Ne5 15. h3 Bxh3 16. Qxh5 Bg4 17. Qh2 Bd7 18. Qg3 Kh8 19. f4 Rg8 20. Nf3 Nxf3+ 21. Qxf3 Bg4 22. Qd3 Bd4+ 23. Be3 Bxe3+ 24. Qxe3 Qh4 25. Qf2 Qh5 26. Qe3 Bh3 27. Rf2 Bxg2 28. Rxg2 Rxg2+ 29. Kxg2 Rg8+ 30. Qg3 Qh4 31. Qxg8+ Kxg8 32. Rf1 Kf8 33. Rf3 Qe1 34. Rf1 Qd2+ 35. Rf2 Qd4 36. Re2 f6 37. Kf3 b5 38. axb5 axb5 39. Re3 Qc4 40. Ne2 f5 41. b3 fxe4+ 42. Kg4 Qxd5 43. Ng3 Qg8+ 44. Kf5 Qg6# 0-1

[Event "IPCA Wch 15th"]
[Site "Bratislava"]
[Date "2015.06.26"]
[Round "9"]
[White "Zavarsky, Juraj"]
[Black "Kaydanovich, Marina"]
[Result "1/2-1/2"]
[WhiteElo "1987"]
[BlackElo "1837"]
[PlyCount "56"]
[EventDate "2015.06.19"]
[EventType "swiss"]
[EventRounds "9"]
[EventCountry "SVK"]
[SourceTitle "CBM 167 Extra"]
[Source "ChessBase"]
[SourceDate "2015.09.14"]
[SourceVersion "1"]
[SourceVersionDate "2015.09.14"]
[SourceQuality "1"]

1. Nf3 Nc6 2. d4 d5 3. c4 e6 4. Nc3 Nf6 5. e3 Bb4 6. a3 Bxc3+ 7. bxc3 0-0 8. Bd3 dxc4 9. Bxc4 Na5 10. Bd3 b6 11. e4 Bb7 12. Bg5 h6 13. Bh4 g5 14. Nxg5 Nxe4 15. Nf3 Qd5 16. Qc2 Nc4 17. Bxe4 Qxe4+ 18. Qxe4 Bxe4 19. Nd2 Bd5 20. Nxc4 Bxc4 21. Bf6 Kh7 22. h4 Rg8 23. Rh2 Kg6 24. Be5 c6 25. Kd2 h5 26. Rh3 f6 27. Rg3+ Kf7 28. Bf4 Bd5 1/2-1/2

[Event "IPCA Wch 15th"]
[Site "Bratislava"]
[Date "2015.06.22"]
[Round "5"]
[White "Zavarsky, Juraj"]
[Black "Valenta, Vit"]
[Result "1/2-1/2"]
[WhiteElo "1987"]
[BlackElo "2164"]
[PlyCount "110"]
[EventDate "2015.06.19"]
[EventType "swiss"]
[EventRounds "9"]
[EventCountry "SVK"]
[SourceTitle "CBM 167 Extra"]
[Source "ChessBase"]
[SourceDate "2015.09.14"]
[SourceVersion "1"]
[SourceVersionDate "2015.09.14"]
[SourceQuality "1"]

1. e4 c5 2. Nf3 e6 3. d3 Nc6 4. g3 g6 5. Bg2 Bg7 6. 0-0 Nge7 7. Re1 0-0 8. c3 d5 9. e5 d4 10. c4 Qc7 11. Bf4 a6 12. Nbd2 b6 13. Ne4 Bb7 14. Nf6+ Kh8 15. h4 Ng8 16. h5 Qe7 17. Ne4 Nd8 18. Qd2 h6 19. hxg6 fxg6 20. Nh4 Kh7 21. Bg5 Qd7 22. Bf4 Nf7 23. Nf3 Bxe4 24. Rxe4 g5 25. Bxg5 hxg5 26. Nxg5+ Nxg5 27. Qxg5 Bh6 28. Rh4 Ra7 29. Be4+ Kh8 30. Rxh6+ Nxh6 31. Qxh6+ Kg8 32. Kg2 Qf7 33. f4 Re7 34. Rh1 Qg7 35. Qxg7+ Rxg7 36. Kf3 Kf7 37. g4 Rfg8 38. g5 Ke7 39. g6 b5 40. cxb5 axb5 41. a3 c4 42. a4 bxa4 43. dxc4 Rb8 44. Rh2 Rb3+ 45. Kg4 Re3 46. Bb1 d3 47. f5 Rxe5 48. Bxd3 Re3 49. Rd2 Kf6 50. fxe6 Kxe6 51. Bf5+ Ke7 52. Rd7+ Kf8 53. Rd8+ Ke7 54. Rd7+ Kf6 55. Rd6+ Ke7 1/2-1/2